MDQL
is popping MORE tags! Check the
thread
!
Quizzes
Events
Quiz Creation
Community
Videos
Private Events
Remove Ads
Sign In
Join for FREE
Feedback
Dark Mode
Quiz Categories
Sports
Geography
Music
Movies
Television
Just For Fun
Miscellaneous
History
Literature
Language
Science
Gaming
Entertainment
Religion
Holiday
For Kids
Quiz Lab
Recent
Popular Today
Quiz Kudos Today
Editor Picks
Curator Picks
Quizzes by...
Day
Popularity
Type
Ratings
Length
Year
Community
Subscriptions
Recent Discussions
Orange Saloon
Badges
Playlists
Quests
Create
Leaderboards
Showdown
Live 5
Trivia Bingo
Activity
Puzzle Library
Sporcle Events
Private Events
Virtual Trivia
Globe League
Become a Host
Pub Owners
SporcleCon
Opinionation
Our Games
Videos
Blog
Mobile Apps
Partnerships
Remove Ads and Go Orange
Feedback
Geography
Country
Landmarks
City
State
Population
World
Capital
Continent
Flags
Europe
Africa
Asia
South America
North America
Oceania
Border
Canada
United Kingdom
Topography
United States
Geography
Country
Landmarks
City
State
Population
World
Capital
Continent
Flags
Europe
Africa
Asia
South America
North America
Oceania
Border
Canada
United Kingdom
Topography
United States
Random Quiz
Search Sporcle
×
Quiz Lab
Quiz Lab
Geography
Revision
Type in answers that appear in a list
Type in answers that appear in a list
Classic
Best Score? Go Orange.
Geography Key Word Revision: Water World Stats
Can you guess the Geography key terms (Water World) based on their definitions?
By
Jdg98
10m
23 Questions
30 Plays
30 Plays
30 Plays
Comments
Comments
Give Quiz Kudos
Give Quiz Kudos
-
- Ratings
hide this ad
More Info
Forced Order
Answers have to be entered in order
Answers have to be entered in order
Random Order
Randomize order of answers
Randomize order of answers
Replay
Link that replays current quiz
Next Quiz
Link to next quiz in quiz playlist
You Got
0%
They Got
Avg Score
42%
Avg Friend Score
Upgrade to see
Score Distribution
Jump to the score distribution portion of the page
Score
0/23
Timer
10:00
0
Plays Today
Definition
Key Term
% Correct
When moisture falls from the atmosphere as rain, hail, sleet or snow.
Precipitation
70%
The conversion of a vapour or gas to a liquid.
Condensation
70%
The process of water becoming a vapour due to heat.
Evaporation
66.7%
Not allowing water to pass through.
Impermeable
53.3%
Allowing water to pass through.
Permeable
53.3%
A technology that the local community is able to use relatively easily and without much cost.
Intermediate Technology
50%
An underground store of water, formed when water-
bearing (permeable) rocks lie on top of impermeable rocks.
Aquifer
46.7%
Water contained beneath the surface, as a reserve.
Groundwater
46.7%
Lines of weakness in a rock that water can pass along.
Joints
46.7%
The presence of chemicals, noise, dirt or substances which have harmful or poisonous effects on an environment.
Pollution
46.7%
The emission of harmful or poisonous substances into river water.
River Pollution
43.3%
The evaporation of water from plant leaves.
Transpiration
43.3%
Definition
Key Term
% Correct
The global stores of water and linking process that connects them.
Hydrological Cycle
40%
The process whereby water soaks into the soil and rock.
Infiltration
40%
Small air spaces in the surface of rocks and other materials that can also be filled with water.
Pores
40%
Water that flows slowly through the soil until it reaches a river.
Throughflow
40%
The level in the soil or bedrock below which water is usually present.
Water Table
33.3%
A build-
up of water that has collected on or below the ground, or in the atmosphere.
Water store
30%
Occurs when the demand for water exceeds the amount available during a certain period, or when it is not good enough quality to use.
Water stress
30%
Storing rainwater or used water (grey water) for use in periods of drought.
Water harvesting
26.7%
Programs to control rivers, generally organised by local or central government.
Water management schemes
23.3%
When water is being used more quickly than it is being replaced.
Over abstraction
16.7%
The steady movement of water through a drainage basin that will not bring flash flooding.
Regulated Flow
16.7%
Quiz Playlist
Details
Report
Send in Message
Add To Playlist
More Info:
Guess the Geography key terms based on the definitions provided (Year 10 paper; Topic 4: Water World).
Classic:
Type in answers that appear in a list
Forced Order:
Answers have to be entered in order
Random Order:
Randomize order of answers
Last Updated: Feb 16, 2017
Quiz Scoreboard
CHALLENGE
Sign Up to Join the Scoreboard
Show All
Scores
Hide
Comments
May contain spoilers
Recently Published
5x2 Blitz: Bands
by SL_Kpop136
Music
30s
Colored Red Africa Blitz
by spor1
Geography
30s
Find the 'City' Movie
by crazypaving
Movies
60s
More to Explore
Quiz From the Vault
Featured Blog Post
14 Easter Pick-up Lines to Find Eggs With
hide this ad
You Might Also Like...
Tags
Keywords
Revision
Today's Top Quizzes in Geography
Browse Geography
hide this ad
Top Contributed Quizzes in Geography
1
Countries of the World - No Outlines Minefield
2
Colored Red Europe Blitz I
3
Colored Red Africa Blitz II
4
Colored Red Europe Blitz II
5
Colored Red Africa Blitz III
6
Colored Red Europe Blitz III
7
Colored Red States Blitz I
8
African Flag Reveal XLVI
9
Colored Red States Blitz II
10
Colored Red States Blitz III
Explore More
Trending Topics
Crossword
Harry Potter
Kpop
Marvel
NBA
Anime
Disney
Puzzle
The Office
Song
Pokémon
Country
NFL
WWE
Soccer
hide this ad
More By:
Jdg98
Quiz
Plays
Rating
Category
Featured
Created
Guess the OUaT character based on their fandom
2,436
4.33
Television
May 7, 2014
Guess the One Upon a Time episodes' centric character
302
5.00
Television
May 7, 2014
Geography Key Word Revision: Restless Earth
142
Geography
May 9, 2014
Geography Key Word Revision: Contrasting Coasts
72
3.00
Geography
May 9, 2014
English Language A2 Revision
59
Language
Apr 24, 2016
Go to Creator's Profile
Score Distribution
Quiz Creator Spotlight
Jdg98
Follow
Send a Message
Quizzes Created
-
Created Quiz Play Count
-
More By This Creator
Popular Quizzes Today
1
Colored Red Africa Blitz
2
Find the 'City' Movie
3
Find the US States - No Outlines Minefield
4
5x2 Blitz: Bands
5
The Countries of the World
6
Find the US States
7
US States
8
9x9 Crossword: Cartoon Network
More Geography Quizzes
Secret Country XXXIX
Published
Trending Quizzes
Colored Red Europe Blitz I
Colored Red Europe Blitz II
Colored Red Africa Blitz II
Colored Red Europe Blitz III
Colored Red Africa Blitz III
Recently Updated
How Do You Spell That?
pecheneg
Godzilla Movies
pecheneg
Grab Bag: 4-10 Letters
pecheneg
2024 March Madness Bracket
pecheneg
Famous TV Couples
Peacemaker
Champions League XIs: Real Madrid
pecheneg
Largest US Cities 1790-2010
pecheneg
Rides in Walt Disney World
pecheneg
Most Oscar Losses (Acting)
pecheneg
Beyoncé Albums
pecheneg
Trending Topics
Harry Potter
Disney
Kpop
NBA
Marvel
Anime
Crossword
NFL
Country
WWE
Song
Pokémon
Soccer
Puzzle
The Office
Your Account Isn't Verified!
In order to create a playlist on Sporcle, you need to verify the email address you used during registration. Go to your
Sporcle Settings
to finish the process.
Report this User
Report this user for behavior that violates our
Community Guidelines
.
Details:
Send Report
Go to the Sporcle.com Mobile Site →
Comments